Kluby w II lidze polskiej w sezonie 2023/24 - Statystyki

Ogólne statystyki
  • Ten quiz został rozwiązany 132 razy
  • Średni wynik to 7 z 18
Statystyki odpowiedzi
Klub % Poprawnych
Lech Poznań II
57%
Kotwica Kołobrzeg
56%
Stal Stalowa Wola
52%
Sandecja Nowy Sącz
48%
Zagłębie Lubin II
46%
Polonia Bytom
45%
Pogoń Siedlce
44%
KKS 1925 Kalisz
43%
Chojniczanka
42%
ŁKS Łódź II
42%
Skra Częstochowa
39%
Olimpia Elbląg
38%
Stomil Olsztyn
37%
Hutnik Kraków
36%
Olimpia Grudziądz
36%
Wisła Puławy
31%
GKS 1962 Jastrzębie
29%
Radunia Stężyca
28%
Nie znaleziono quizów pasujących do podanych kryteriów
Rozkład punktacji
Procent ludzi z każdym wynikiem
Percentyl według liczby udzielonych odpowiedzi
Twoja historia wyników
Nie rozwiązałeś tego quizu